[Event "2ème Open International de Haute-Bretag"]
[Site "Rennes"]
[Date "2009.??.??"]
[Round "4.27"]
[White "Djendeb, Mohand"]
[Black "Guisset, Philippe"]
[Result "1-0"]
[WhiteElo "1845"]
[BlackElo "1985"]
[PlyCount "71"]
[EventDate "2009.08.21"]
[EventType "swiss"]
[EventRounds "9"]
[EventCountry "FRA"]

1. e4 g6 2. d4 d6 3. Nf3 Bg7 4. Nc3 a6 5. h3 b5 6. a3 Nd7 7. Bd3 Bb7 8. O-O e6
9. Re1 Ne7 10. Be3 h6 11. Qd2 Nc8 12. Rad1 c6 13. d5 e5 14. dxc6 Bxc6 15. Qc1
Qc7 16. Bf1 Ndb6 17. Qd2 Rb8 18. Bxb6 Rxb6 19. Nd5 Bxd5 20. Qxd5 Rc6 21. c3 O-O
22. Rd2 Kh7 23. Bd3 Bf6 24. Bb1 g5 25. Nh2 h5 26. g3 Qd7 27. Kg2 Bd8 28. Ba2
Qc7 29. Nf1 Ne7 30. Qd3 Qd7 31. Ne3 Ng6 32. Nf5 g4 33. Qe3 gxh3+ 34. Kh2 Bf6
35. Qh6+ Kg8 36. Qxg6+ 1-0

[Event "2ème Open International de Haute-Bretag"]
[Site "Rennes"]
[Date "2009.??.??"]
[Round "4.29"]
[White "Le Marec, Laura"]
[Black "Ruhlmann, Helene"]
[Result "0-1"]
[WhiteElo "1550"]
[BlackElo "1720"]
[PlyCount "122"]
[EventDate "2009.08.21"]
[EventType "swiss"]
[EventRounds "9"]
[EventCountry "FRA"]

1. d4 d5 2. c4 e6 3. Nc3 Nf6 4. Bg5 Nbd7 5. cxd5 exd5 6. Nxd5 Nxd5 7. Bxd8 Bb4+
8. Qd2 Bxd2+ 9. Kxd2 Kxd8 10. e4 N5f6 11. f3 Re8 12. Bc4 Ke7 13. Rc1 Nb6 14.
Bb3 c6 15. Ne2 Kf8 16. h4 Be6 17. Bxe6 Rxe6 18. Nf4 Re7 19. Rhd1 Rd8 20. Kc2
Red7 21. Ne2 Na8 22. Kb1 Nc7 23. Rc2 Ne6 24. Rcd2 Ne8 25. a4 Nd6 26. b3 f5 27.
Nc3 fxe4 28. fxe4 Ne8 29. d5 cxd5 30. Rf1+ Kg8 31. exd5 N6c7 32. Rdf2 Nf6 33.
Kb2 Ncxd5 34. Nxd5 Rxd5 35. Ka3 Rd2 36. Rxd2 Rxd2 37. Rc1 Rd7 38. Rc2 Kf7 39.
Rc4 Kg6 40. g4 h6 41. a5 a6 42. Rb4 Ng8 43. Rb6+ Kf7 44. Rb4 Ne7 45. Ka4 Ng6
46. h5 Ne5 47. Rf4+ Ke6 48. Rb4 Rf7 49. Ka3 Kf6 50. Re4 Re7 51. Ka4 Nd7 52. Rc4
Kg5 53. b4 Nf6 54. b5 Re4 55. Rxe4 Nxe4 56. Kb4 Kxg4 57. bxa6 bxa6 58. Kc4 Nd6+
59. Kc5 Nb7+ 60. Kb6 Nxa5 61. Kxa5 Kxh5 0-1

[Event "2ème Open International de Haute-Bretag"]
[Site "Rennes"]
[Date "2009.??.??"]
[Round "4.30"]
[White "Legras, Sebastien"]
[Black "Mercier, Franck"]
[Result "1-0"]
[WhiteElo "1700"]
[BlackElo "1623"]
[PlyCount "29"]
[EventDate "2009.08.21"]
[EventType "swiss"]
[EventRounds "9"]
[EventCountry "FRA"]

1. d4 Nf6 2. Nf3 g6 3. Nc3 Bg7 4. e4 d6 5. Be3 O-O 6. Qd2 Nbd7 7. Bh6 e5 8.
Bxg7 Kxg7 9. O-O-O a6 10. dxe5 dxe5 11. Nxe5 Qe7 12. Nxd7 Rd8 13. e5 Nxd7 14.
Qf4 Nb6 15. Qf6+ 1-0

[Event "2ème Open International de Haute-Bretag"]
[Site "Rennes"]
[Date "2009.??.??"]
[Round "4.31"]
[White "Chevalier, Nathalie"]
[Black "Caillot, Arnaud"]
[Result "0-1"]
[WhiteElo "1470"]
[BlackElo "1698"]
[PlyCount "106"]
[EventDate "2009.08.21"]
[EventType "swiss"]
[EventRounds "9"]
[EventCountry "FRA"]

1. d4 d5 2. Bf4 Nf6 3. e3 e6 4. Nf3 c5 5. c4 dxc4 6. Bxc4 Nc6 7. O-O Qb6 8. Bb3
Be7 9. Nc3 cxd4 10. Nxd4 Nxd4 11. exd4 O-O 12. Be3 Qa5 13. Qf3 Qb4 14. Rfd1 Bd7
15. d5 exd5 16. Nxd5 Nxd5 17. Bxd5 Bg4 18. Bd2 Bxf3 19. Bxb4 Bxd1 20. Bxe7 Rfe8
21. Bxb7 Rab8 22. Rxd1 Rxb7 23. Ba3 Rd7 24. Rf1 Red8 25. g4 Rd1 26. f3 Rxf1+
27. Kxf1 Rd2 28. h4 a6 29. Ke1 Rc2 30. Kf1 g6 31. Kg1 h5 32. g5 Rc4 33. Be7
Rxh4 34. Kg2 Rc4 35. Bf6 Rc2+ 36. Kg3 Kf8 37. Be5 Ke8 38. Kf4 Kd7 39. Ke4 Ke6
40. f4 Re2+ 41. Kf3 Rxe5 42. fxe5 Kxe5 43. Kg3 Kd4 44. b4 Kc4 45. a3 Kb3 46.
Kf4 Kxa3 47. Ke5 Kxb4 48. Kf6 h4 49. Kxf7 h3 50. Kxg6 h2 51. Kf6 h1=R 52. g6
Rg1 53. g7 Rxg7 0-1

[Event "2ème Open International de Haute-Bretag"]
[Site "Rennes"]
[Date "2009.??.??"]
[Round "4.32"]
[White "Tounsi, Tewfik"]
[Black "Belouassa, Aurelien"]
[Result "0-1"]
[WhiteElo "1690"]
[BlackElo "1550"]
[PlyCount "110"]
[EventDate "2009.08.21"]
[EventType "swiss"]
[EventRounds "9"]
[EventCountry "FRA"]

1. d4 Nf6 2. c4 g6 3. Nc3 Bg7 4. e4 d6 5. f4 Nfd7 6. e5 O-O 7. Nf3 c5 8. Be3
Nc6 9. d5 Nb4 10. Be2 Na6 11. e6 fxe6 12. dxe6 Nb6 13. Ng5 Nc7 14. Nf7 Qe8 15.
Nd5 Nxe6 16. Ng5 Nxd5 17. Qxd5 Rf5 18. Qd2 Nxg5 19. fxg5 b6 20. Bf3 Rb8 21. O-O
b5 22. Rab1 bxc4 23. Bd5+ Kh8 24. Bxc4 Rxf1+ 25. Kxf1 Bf5 26. Bd3 Bxd3+ 27.
Qxd3 Rxb2 28. Rxb2 Bxb2 29. Qa6 Qd7 30. Kg1 Qc7 31. Qe2 Be5 32. Qf3 Qc8 33. Qf7
Qd8 34. Qd5 Kg7 35. Qd3 Qb6 36. Qe4 a5 37. g3 Qb4 38. Qd5 Qe1+ 39. Kg2 Qxe3 40.
Qa8 Qa3 41. Qd5 Qb2+ 42. Kh3 Qd4 43. Qe6 Kf8 44. Qc8+ Kf7 45. Qa6 a4 46. Qf1+
Kg7 47. Qb5 Kf7 48. Qf1+ Ke6 49. Qf8 c4 50. Qg8+ Kd7 51. Qxh7 Qe4 52. Qg8 c3
53. Qb8 c2 54. Qa7+ Ke6 55. Qg1 Bb2 0-1

[Event "2ème Open International de Haute-Bretag"]
[Site "Rennes"]
[Date "2009.??.??"]
[Round "4.33"]
[White "Delpit, Wilfried"]
[Black "Panaget, Bruno"]
[Result "0-1"]
[WhiteElo "1664"]
[BlackElo "1499"]
[PlyCount "70"]
[EventDate "2009.08.21"]
[EventType "swiss"]
[EventRounds "9"]
[EventCountry "FRA"]

1. c4 Nf6 2. Nc3 g6 3. g3 Bg7 4. Bg2 d6 5. Nf3 O-O 6. d3 e5 7. O-O Nbd7 8. Bd2
Nc5 9. b4 Ne6 10. Rb1 Nd7 11. Qc1 f5 12. a3 Nf6 13. a4 Kh8 14. Ng5 Rb8 15. Nxe6
Bxe6 16. Be3 f4 17. Bd2 Nh5 18. b5 Qd7 19. Ne4 Bh3 20. c5 Bxg2 21. Kxg2 d5 22.
Nc3 c6 23. Qa3 f3+ 24. exf3 Qf5 25. bxc6 Qxf3+ 26. Kg1 bxc6 27. Rxb8 Rxb8 28.
Nd1 e4 29. Ne3 Qe2 30. Ba5 d4 31. dxe4 dxe3 32. Qxe3 Qxe3 33. fxe3 Re8 34. g4
Nf6 35. e5 Nxg4 0-1

[Event "2ème Open International de Haute-Bretag"]
[Site "Rennes"]
[Date "2009.??.??"]
[Round "4.34"]
[White "Deceneux, Christophe"]
[Black "Pascot, Jean"]
[Result "0-1"]
[WhiteElo "1499"]
[BlackElo "1914"]
[PlyCount "52"]
[EventDate "2009.08.21"]
[EventType "swiss"]
[EventRounds "9"]
[EventCountry "FRA"]

1. d4 Nf6 2. c4 g6 3. Nc3 Bg7 4. e4 d6 5. Be3 O-O 6. Bd3 Nbd7 7. Nge2 e5 8. d5
Ne8 9. Qd2 f5 10. exf5 gxf5 11. Bh6 Qe7 12. Bxg7 Nxg7 13. f3 Nc5 14. Bc2 Qh4+
15. g3 Qxc4 16. O-O-O a5 17. g4 a4 18. gxf5 Bxf5 19. Bxf5 Rxf5 20. Rdg1 Nd3+
21. Kc2 Nb4+ 22. Kb1 Rxf3 23. Nc1 Qf4 24. Qg2 Qf5+ 25. Ka1 Nc2+ 26. Kb1 Ne1+
0-1

[Event "2ème Open International de Haute-Bretag"]
[Site "Rennes"]
[Date "2009.??.??"]
[Round "4.35"]
[White "Corentin, Louis"]
[Black "Castel, Efflam"]
[Result "1/2-1/2"]
[WhiteElo "1737"]
[BlackElo "1927"]
[PlyCount "69"]
[EventDate "2009.08.21"]
[EventType "swiss"]
[EventRounds "9"]
[EventCountry "FRA"]

1. e4 c5 2. c3 Nf6 3. e5 Nd5 4. d4 cxd4 5. Nf3 Nc6 6. cxd4 d6 7. exd6 e6 8. Nc3
Nxc3 9. bxc3 Bxd6 10. Bd3 Qc7 11. O-O O-O 12. Ng5 h6 13. Qh5 f5 14. Nf3 e5 15.
Bc4+ Rf7 16. Bxf7+ Qxf7 17. Qxf7+ Kxf7 18. Be3 f4 19. dxe5 Nxe5 20. Nxe5+ Bxe5
21. Bd4 Bxd4 22. cxd4 Be6 23. Rfe1 Rd8 24. Red1 b5 25. Rd2 Bc4 26. Re1 Rd5 27.
Re4 g5 28. f3 a5 29. g3 fxg3 30. hxg3 b4 31. Rc2 Bd3 32. Rc7+ Kf6 33. Rc6+ Kf7
34. Rc7+ Kf6 35. Rc6+ 1/2-1/2

[Event "2ème Open International de Haute-Bretag"]
[Site "Rennes"]
[Date "2009.??.??"]
[Round "4.36"]
[White "Ferrandi, Bernard"]
[Black "Josse, Mathilde"]
[Result "1-0"]
[WhiteElo "1912"]
[BlackElo "1688"]
[PlyCount "63"]
[EventDate "2009.08.21"]
[EventType "swiss"]
[EventRounds "9"]
[EventCountry "FRA"]

1. e4 g6 2. d4 Bg7 3. Bc4 d6 4. f4 Nd7 5. Nf3 c5 6. O-O Nb6 7. Be2 Bg4 8. c3
Nf6 9. h3 Bxf3 10. Bxf3 Qc8 11. a4 O-O 12. a5 Nbd7 13. e5 Ne8 14. a6 b6 15.
Bxa8 Qxa8 16. Qf3 Qxf3 17. Rxf3 Nc7 18. Be3 Nd5 19. Na3 Nc7 20. exd6 exd6 21.
Nc4 Nb5 22. Rd1 Nb8 23. f5 Bf6 24. fxg6 fxg6 25. dxc5 dxc5 26. Bh6 Rf7 27. Rxf6
Rxf6 28. Rd8+ Kf7 29. Rxb8 Ke6 30. Ne3 Rf7 31. Rb7 Rc7 32. c4 1-0

[Event "2ème Open International de Haute-Bretag"]
[Site "Rennes"]
[Date "2009.??.??"]
[Round "4.37"]
[White "Dupitier, Mickael"]
[Black "Madeline, Nicolas"]
[Result "1-0"]
[WhiteElo "1864"]
[BlackElo "1653"]
[PlyCount "43"]
[EventDate "2009.08.21"]
[EventType "swiss"]
[EventRounds "9"]
[EventCountry "FRA"]

1. d4 d5 2. Nf3 Nf6 3. e3 e6 4. Bd3 c5 5. c3 Nc6 6. Nbd2 Qc7 7. O-O c4 8. Bc2
Bd6 9. Qe2 O-O 10. e4 Nd7 11. e5 Be7 12. h4 f5 13. exf6 Nxf6 14. Re1 Ng4 15.
Ne5 Ngxe5 16. dxe5 Bxh4 17. Nf3 Bd8 18. g3 Qf7 19. Kg2 Bb6 20. Bxh7+ Kh8 21.
Rh1 Qc7 22. Bf4 1-0

[Event "2ème Open International de Haute-Bretag"]
[Site "Rennes"]
[Date "2009.??.??"]
[Round "4.38"]
[White "Blanchard, Simon"]
[Black "Ledent, Philippe"]
[Result "1/2-1/2"]
[WhiteElo "1710"]
[BlackElo "1857"]
[PlyCount "128"]
[EventDate "2009.08.21"]
[EventType "swiss"]
[EventRounds "9"]
[EventCountry "FRA"]

1. d4 d5 2. c4 c6 3. Nc3 Nf6 4. Bg5 e6 5. e3 Nbd7 6. Nf3 Bb4 7. Qb3 a5 8. a3
Bd6 9. e4 dxe4 10. Nxe4 Be7 11. Nxf6+ Nxf6 12. Be2 O-O 13. O-O Qc7 14. Rac1 Qb8
15. Rfd1 b6 16. d5 exd5 17. cxd5 a4 18. Qc2 cxd5 19. Bxf6 Bxf6 20. Rxd5 Be6 21.
Rb5 Rc8 22. Qd2 Rxc1+ 23. Qxc1 Qd6 24. Qd2 Qc6 25. Qe3 Rb8 26. Nd4 Bxd4 27.
Qxd4 Qc1+ 28. Qd1 Qxd1+ 29. Bxd1 Bd7 30. Rb4 Re8 31. Kf1 b5 32. Be2 Re5 33. f4
Rc5 34. Rd4 Be8 35. Ke1 Kf8 36. Kd2 Ke7 37. Rd3 Bc6 38. Rc3 Kd6 39. g3 h6 40.
Kd3 g5 41. Rxc5 Kxc5 42. fxg5 hxg5 43. Kc3 f5 44. h4 f4 45. gxf4 gxf4 46. h5 f3
47. Bf1 Be4 48. h6 f2 49. Kd2 b4 50. Ke3 bxa3 51. bxa3 Bh7 52. Kxf2 Kd4 53. Bb5
Ke5 54. Bxa4 Kf6 55. Ke3 Kg5 56. Kd4 Kxh6 57. Kc5 Be4 58. Bb3 Kg5 59. a4 Kf6
60. Kd6 Bb7 61. a5 Ba6 62. Bd5 Bd3 63. Bc6 Be2 64. Bb7 Bd3 1/2-1/2

[Event "2ème Open International de Haute-Bretag"]
[Site "Rennes"]
[Date "2009.??.??"]
[Round "4.39"]
[White "Loizil, Joel"]
[Black "Bauer, Erich"]
[Result "1-0"]
[WhiteElo "1814"]
[BlackElo "1499"]
[PlyCount "63"]
[EventDate "2009.08.21"]
[EventType "swiss"]
[EventRounds "9"]
[EventCountry "FRA"]

1. e4 e5 2. Nf3 Nc6 3. Bb5 a6 4. Ba4 Nf6 5. Nc3 b5 6. Bb3 Bc5 7. d3 h6 8. O-O
O-O 9. Nd5 d6 10. c3 Be6 11. Re1 Ng4 12. d4 Ba7 13. h3 Ne7 14. hxg4 Nxd5 15.
exd5 Bxg4 16. Qd3 c5 17. dxc6 Re8 18. Bd5 Rc8 19. Bd2 Qf6 20. Rad1 exd4 21.
cxd4 Bxf3 22. Qxf3 Qxf3 23. Bxf3 Bxd4 24. b3 Be5 25. Ba5 g6 26. c7 Re7 27. Bb7
Rcxc7 28. Bxc7 Rxc7 29. Bxa6 Rc2 30. Bxb5 Rxa2 31. Bc4 Bc3 32. Re7 1-0

[Event "2ème Open International de Haute-Bretag"]
[Site "Rennes"]
[Date "2009.??.??"]
[Round "4.40"]
[White "Danet, Claude"]
[Black "Mevel, Mael"]
[Result "0-1"]
[WhiteElo "1660"]
[BlackElo "1800"]
[PlyCount "62"]
[EventDate "2009.08.21"]
[EventType "swiss"]
[EventRounds "9"]
[EventCountry "FRA"]

1. d4 Nf6 2. c4 g6 3. Nc3 d5 4. cxd5 Nxd5 5. e4 Nxc3 6. bxc3 Bg7 7. Nf3 c5 8.
Be3 Nc6 9. Be2 Bg4 10. Qa4 O-O 11. Rd1 Qc7 12. O-O a6 13. dxc5 Ne5 14. Nxe5
Bxe2 15. Rd7 Qxe5 16. Bd4 Qe6 17. Bxg7 Kxg7 18. Qd4+ Kg8 19. Re1 Bb5 20. Rxb7
Rfd8 21. Qe3 Rd3 22. Qc1 Rad8 23. h3 Rd2 24. Rb6 Qxa2 25. Qa1 Qxa1 26. Rxa1 Rc8
27. Re1 Rxc5 28. f4 Rd3 29. Rb7 e6 30. Rf1 Rdxc3 31. h4 Bxf1 0-1

[Event "2ème Open International de Haute-Bretag"]
[Site "Rennes"]
[Date "2009.??.??"]
[Round "4.41"]
[White "Le Goff, Thierry"]
[Black "Francois, Yann"]
[Result "1/2-1/2"]
[WhiteElo "1798"]
[BlackElo "1580"]
[PlyCount "62"]
[EventDate "2009.08.21"]
[EventType "swiss"]
[EventRounds "9"]
[EventCountry "FRA"]

1. e4 c5 2. Nf3 d6 3. d4 cxd4 4. Nxd4 Nf6 5. Nc3 a6 6. Bc4 e6 7. Bb3 b5 8. Be3
Be7 9. f3 O-O 10. Qd2 Bd7 11. g4 b4 12. Na4 a5 13. h4 e5 14. Ne2 Bxa4 15. Bxa4
Na6 16. O-O-O Nc5 17. Bxc5 dxc5 18. Ng3 Qxd2+ 19. Rxd2 Rfd8 20. Nf5 Rxd2 21.
Kxd2 Bf8 22. Ke2 g6 23. Ne3 Bd6 24. Nc4 Bc7 25. Rd1 Kf8 26. Rd3 Kg7 27. Ke3 h6
28. Rd1 Kf8 29. Bc6 Ra7 30. Rd3 Kg7 31. Ba4 Kf8 1/2-1/2

[Event "2ème Open International de Haute-Bretag"]
[Site "Rennes"]
[Date "2009.??.??"]
[Round "4.42"]
[White "Roussel, Yannis"]
[Black "Spoone, John Paul"]
[Result "1-0"]
[WhiteElo "1586"]
[BlackElo "1770"]
[PlyCount "61"]
[EventDate "2009.08.21"]
[EventType "swiss"]
[EventRounds "9"]
[EventCountry "FRA"]

1. e4 d6 2. d4 Nf6 3. f3 g6 4. c4 Bg7 5. Nc3 c6 6. Bg5 O-O 7. Qd2 Re8 8. Be2
Nbd7 9. Rb1 e5 10. d5 Qc7 11. g4 h5 12. Be3 Nf8 13. g5 N6h7 14. h4 f5 15. Nh3
Bd7 16. b4 b6 17. dxc6 Bxc6 18. b5 Bb7 19. exf5 gxf5 20. Nd5 Qd8 21. f4 e4 22.
Bxh5 Re6 23. Be2 Bxd5 24. Qxd5 Qd7 25. Qxa8 Bc3+ 26. Kf1 Kg7 27. Qd5 Ng6 28.
Bd4+ Bxd4 29. Qxd4+ Kf8 30. h5 Nh4 31. Qh8+ 1-0

[Event "2ème Open International de Haute-Bretag"]
[Site "Rennes"]
[Date "2009.??.??"]
[Round "4.43"]
[White "Madeline, Paul"]
[Black "Bacon, Bruno"]
[Result "0-1"]
[WhiteElo "1579"]
[BlackElo "1742"]
[PlyCount "46"]
[EventDate "2009.08.21"]
[EventType "swiss"]
[EventRounds "9"]
[EventCountry "FRA"]

1. e4 c5 2. Nc3 a6 3. g3 e6 4. Bg2 Nc6 5. d3 g6 6. f4 Nge7 7. Be3 b6 8. Nge2
Bg7 9. O-O O-O 10. e5 Bb7 11. Ne4 Nf5 12. Bd2 d6 13. exd6 Nxd6 14. Nxd6 Qxd6
15. Kh1 Qc7 16. Nc3 Ne7 17. Bf3 Nf5 18. Be4 Nd4 19. Na4 f5 20. c3 fxe4 21. cxd4
exd3+ 22. Kg1 Bxd4+ 23. Rf2 Qc6 0-1

[Event "2ème Open International de Haute-Bretag"]
[Site "Rennes"]
[Date "2009.??.??"]
[Round "4.44"]
[White "Duquesnoy, Bruno"]
[Black "Pavlovic, Zarko"]
[Result "1-0"]
[WhiteElo "1900"]
[BlackElo "1790"]
[PlyCount "57"]
[EventDate "2009.08.21"]
[EventType "swiss"]
[EventRounds "9"]
[EventCountry "FRA"]

1. e4 e5 2. Nf3 Nc6 3. Bb5 d6 4. O-O Nf6 5. Re1 Bg4 6. c3 a6 7. Ba4 b5 8. Bc2
Be7 9. h3 Bh5 10. d3 h6 11. Be3 Qd7 12. d4 O-O 13. Nbd2 Nh7 14. g4 Bxg4 15.
hxg4 Qxg4+ 16. Kf1 f5 17. exf5 Rxf5 18. Bxf5 Qxf5 19. Qb3+ Kh8 20. Qd5 Nf6 21.
Qxc6 Rf8 22. dxe5 Nh5 23. Qe4 Qxe4 24. Nxe4 Rxf3 25. exd6 cxd6 26. Kg2 Rf7 27.
Rad1 Kh7 28. Nxd6 Rf5 29. Nxf5 1-0

[Event "2ème Open International de Haute-Bretag"]
[Site "Rennes"]
[Date "2009.??.??"]
[Round "4.45"]
[White "Lezot, Pierre"]
[Black "Doucin, Paul"]
[Result "1-0"]
[WhiteElo "1744"]
[BlackElo "1705"]
[PlyCount "115"]
[EventDate "2009.08.21"]
[EventType "swiss"]
[EventRounds "9"]
[EventCountry "FRA"]

1. Nf3 Nf6 2. g3 g6 3. Bg2 Bg7 4. O-O d6 5. d4 O-O 6. Nc3 d5 7. Re1 Nc6 8. Ne5
e6 9. Bg5 h6 10. Nxc6 bxc6 11. Bxf6 Bxf6 12. e4 Rb8 13. e5 Be7 14. Na4 f6 15.
f4 fxe5 16. fxe5 Bd7 17. h3 Rf7 18. Qd3 Kg7 19. Rf1 Qg8 20. Rxf7+ Qxf7 21. Rf1
Qg8 22. Qa6 Qc8 23. Qxc8 Rxc8 24. Nc5 Bxc5 25. dxc5 Rf8 26. Rxf8 Kxf8 27. Kf2
Kg7 28. Bf1 g5 29. Bd3 Be8 30. g4 Kf8 31. Ke3 Ke7 32. Kd4 Kd8 33. Kc3 Kc8 34.
Kb4 Kb8 35. Ka5 Bf7 36. a4 Be8 37. b4 Bd7 38. Bg6 Kc8 39. Ka6 Kb8 40. Bf7 Ka8
41. b5 Bc8+ 42. Ka5 Kb7 43. Be8 cxb5 44. c6+ Kb8 45. axb5 Ka8 46. Bd7 Kb8 47.
Bxc8 Kxc8 48. Ka6 Kb8 49. c3 Ka8 50. Ka5 Kb8 51. Kb4 Kc8 52. Kc5 Kb8 53. Kd4 a5
54. Kc5 Ka7 55. b6+ cxb6+ 56. Kd6 a4 57. c7 a3 58. c8=Q 1-0

[Event "2ème Open International de Haute-Bretag"]
[Site "Rennes"]
[Date "2009.07.19"]
[Round "5.1"]
[White "Le Roux, Jean Pierre"]
[Black "Sriram, Jha"]
[Result "1/2-1/2"]
[WhiteElo "2485"]
[BlackElo "2459"]
[PlyCount "49"]
[EventDate "2009.08.21"]
[EventType "swiss"]
[EventRounds "9"]
[EventCountry "FRA"]

1. c4 e6 2. Nf3 d5 3. d4 c6 4. Qc2 Nf6 5. g3 Nbd7 6. Bg2 Bd6 7. O-O O-O 8. Rd1
Qe7 9. Nc3 dxc4 10. Nd2 Nb6 11. f4 c5 12. Nb5 cxd4 13. Nxd6 Qxd6 14. Nxc4 Nxc4
15. Qxc4 e5 16. fxe5 Qxe5 17. Bf4 Qh5 18. Rxd4 Be6 19. Qd3 Ng4 20. h3 Ne5 21.
Qe3 Nc6 22. g4 Qb5 23. Rd2 Rfe8 24. Qg3 Rad8 25. Bd6 1/2-1/2

[Event "2ème Open International de Haute-Bretag"]
[Site "Rennes"]
[Date "2009.07.19"]
[Round "5.2"]
[White "Bratanov, Zsivko"]
[Black "Foisor, Cristina Adela B"]
[Result "1/2-1/2"]
[WhiteElo "2456"]
[BlackElo "2424"]
[PlyCount "81"]
[EventDate "2009.08.21"]
[EventType "swiss"]
[EventRounds "9"]
[EventCountry "FRA"]

1. e4 e5 2. Nf3 Nc6 3. Bb5 Nf6 4. d3 d6 5. O-O g6 6. c3 Bg7 7. Re1 O-O 8. d4
Bd7 9. d5 Ne7 10. Bxd7 Qxd7 11. c4 Nh5 12. Nc3 f5 13. Ng5 Nf6 14. f3 c6 15. Qb3
c5 16. Qb5 Rfd8 17. b4 Qxb5 18. Nxb5 cxb4 19. Ne6 Rd7 20. c5 Ne8 21. Rb1 a5 22.
a3 fxe4 23. fxe4 Nc8 24. axb4 axb4 25. Bd2 dxc5 26. Nxc5 Rf7 27. Bxb4 Bf8 28.
Ra1 Rxa1 29. Rxa1 Nb6 30. g3 Nf6 31. d6 h5 32. Ba5 Nbd7 33. Nxb7 Nxe4 34. Bc7
Bh6 35. Re1 Nd2 36. Kg2 Nc4 37. Nd8 Rf6 38. Nc6 Bf8 39. Bd8 Re6 40. Ncd4 Re8
41. Bc7 1/2-1/2

[Event "2ème Open International de Haute-Bretag"]
[Site "Rennes"]
[Date "2009.07.19"]
[Round "5.3"]
[White "Collier, Timothy"]
[Black "Mladenov, Plamen"]
[Result "1/2-1/2"]
[WhiteElo "1920"]
[BlackElo "2362"]
[PlyCount "53"]
[EventDate "2009.08.21"]
[EventType "swiss"]
[EventRounds "9"]
[EventCountry "FRA"]

1. e4 c5 2. a3 d6 3. b4 Nf6 4. Nc3 Nbd7 5. Nf3 g6 6. Rb1 Bg7 7. Bb5 O-O 8. Bxd7
Qxd7 9. bxc5 dxc5 10. O-O b6 11. Qe2 Bb7 12. d3 Nh5 13. Bd2 c4 14. dxc4 Bxc3
15. Bxc3 Nf4 16. Qe3 Nxg2 17. Qg5 f6 18. Qxg2 Bxe4 19. Qg3 Bb7 20. Rfe1 Qc6 21.
Re3 Rad8 22. Bb4 Rd4 23. Rbe1 f5 24. Re6 Qxf3 25. Rxg6+ hxg6 26. Qxg6+ Kh8 27.
Qh6+ 1/2-1/2

[Event "2ème Open International de Haute-Bretag"]
[Site "Rennes"]
[Date "2009.07.19"]
[Round "5.4"]
[White "Milchev, Nikolay"]
[Black "Palacios Aguilar, Diego Andre"]
[Result "1-0"]
[WhiteElo "2351"]
[BlackElo "1894"]
[PlyCount "53"]
[EventDate "2009.08.21"]
[EventType "swiss"]
[EventRounds "9"]
[EventCountry "FRA"]

1. Nf3 d5 2. c4 c6 3. d4 Nf6 4. Nc3 e6 5. cxd5 exd5 6. Bg5 Be7 7. Qc2 Bg4 8.
Ne5 Bh5 9. e3 Nbd7 10. Bxf6 Bxf6 11. f4 Nxe5 12. dxe5 Bh4+ 13. g3 Bf3 14. Rg1
Be7 15. Kf2 Bg4 16. Be2 Bd7 17. Bd3 g6 18. Rge1 h5 19. Bxg6 h4 20. Rg1 hxg3+
21. hxg3 d4 22. exd4 Be6 23. Be4 Qxd4+ 24. Kf3 Bc5 25. Rge1 Rg8 26. f5 Qxe5 27.
Bxc6+ 1-0

[Event "2ème Open International de Haute-Bretag"]
[Site "Rennes"]
[Date "2009.07.19"]
[Round "5.5"]
[White "Le Bail, Arielle"]
[Black "Song, Julien"]
[Result "0-1"]
[WhiteElo "1847"]
[BlackElo "2319"]
[PlyCount "52"]
[EventDate "2009.08.21"]
[EventType "swiss"]
[EventRounds "9"]
[EventCountry "FRA"]

1. d4 e6 2. c4 Nf6 3. Nc3 d5 4. cxd5 exd5 5. Bg5 c6 6. e3 Be7 7. Bd3 Nbd7 8.
Nge2 O-O 9. O-O Re8 10. f3 Nf8 11. Bh4 Be6 12. Qc2 Rc8 13. Bf2 Qc7 14. e4 dxe4
15. fxe4 Ng4 16. Bg3 Qb6 17. Qd2 c5 18. Na4 Qc6 19. b3 cxd4 20. Nxd4 Bc5 21.
Nxc5 Qxc5 22. Bf2 Qd6 23. Nf3 Red8 24. Rad1 Ng6 25. Qe1 N6e5 26. Bg3 Qb6+ 0-1

[Event "2ème Open International de Haute-Bretag"]
[Site "Rennes"]
[Date "2009.07.19"]
[Round "5.7"]
[White "Le Goff, Damien"]
[Black "Fomichenko, Eduard"]
[Result "0-1"]
[WhiteElo "2270"]
[BlackElo "2512"]
[PlyCount "50"]
[EventDate "2009.08.21"]
[EventType "swiss"]
[EventRounds "9"]
[EventCountry "FRA"]

1. e4 c5 2. Nf3 e6 3. d4 cxd4 4. Nxd4 Nc6 5. Nc3 Qc7 6. Be3 Nf6 7. Qd2 Bb4 8.
f3 Nxd4 9. Qxd4 Bxc3+ 10. bxc3 e5 11. Qc5 Qxc5 12. Bxc5 d5 13. exd5 Nxd5 14. c4
Ne7 15. Bd6 f6 16. c5 Nf5 17. O-O-O Be6 18. a4 Kf7 19. a5 Rhd8 20. a6 b6 21.
Bb5 Rac8 22. g4 Nd4 23. Rxd4 exd4 24. c4 bxc5 25. Bg3 Bd7 0-1

[Event "2ème Open International de Haute-Bretag"]
[Site "Rennes"]
[Date "2009.07.19"]
[Round "5.9"]
[White "Terrieux, Kevin"]
[Black "Foisor, Sabina Francesca"]
[Result "1/2-1/2"]
[WhiteElo "2442"]
[BlackElo "2304"]
[PlyCount "35"]
[EventDate "2009.08.21"]
[EventType "swiss"]
[EventRounds "9"]
[EventCountry "FRA"]

1. d4 d5 2. c4 c6 3. cxd5 cxd5 4. Nf3 Nf6 5. Nc3 a6 6. Ne5 Nc6 7. Nxc6 bxc6 8.
Bf4 e6 9. e3 c5 10. Be2 Bd6 11. Bxd6 Qxd6 12. Qa4+ Ke7 13. Qa3 cxd4 14. Qxd6+
Kxd6 15. exd4 Bd7 16. Bf3 Rhb8 17. O-O-O Ng8 18. Rd2 1/2-1/2

[Event "2ème Open International de Haute-Bretag"]
[Site "Rennes"]
[Date "2009.07.19"]
[Round "5.10"]
[White "Jolly, Jean Francois"]
[Black "Caroff, Frederic"]
[Result "1-0"]
[WhiteElo "2366"]
[BlackElo "2119"]
[PlyCount "45"]
[EventDate "2009.08.21"]
[EventType "swiss"]
[EventRounds "9"]
[EventCountry "FRA"]

1. d4 Nf6 2. c4 e5 3. dxe5 Ng4 4. Bf4 Nc6 5. Nf3 Bb4+ 6. Nbd2 Qe7 7. e3 Ngxe5
8. Be2 Nxf3+ 9. gxf3 d6 10. a3 Bxd2+ 11. Qxd2 Be6 12. Qc3 f6 13. O-O-O O-O-O
14. e4 Kb8 15. Be3 Bf7 16. Qc2 Rhe8 17. Qa4 Qe5 18. Rd5 Bxd5 19. cxd5 Ne7 20.
f4 Nxd5 21. Qxa7+ Kc8 22. fxe5 Nxe3 23. fxe3 1-0

[Event "2ème Open International de Haute-Bretag"]
[Site "Rennes"]
[Date "2009.07.17"]
[Round "5.6"]
[White "Pozuelo, Jose"]
[Black "Siclet, Mathieu"]
[Result "1-0"]
[WhiteElo "2080"]
[BlackElo "1816"]
[PlyCount "115"]
[EventDate "2009.08.21"]
[EventType "swiss"]
[EventRounds "9"]
[EventCountry "FRA"]

1. d4 Nf6 2. Nf3 g6 3. g3 Bg7 4. Bg2 O-O 5. O-O d5 6. h3 Nbd7 7. Be3 Ne4 8. Ng5
Nxg5 9. Bxg5 c6 10. c3 f6 11. Bc1 e5 12. e4 Nb6 13. exd5 cxd5 14. Be3 e4 15.
Nd2 f5 16. f3 Be6 17. Rc1 Rc8 18. Qe2 Re8 19. fxe4 dxe4 20. Kh2 Nc4 21. b3 Nxe3
22. Qxe3 Qb6 23. Rfd1 Red8 24. Bf1 Qa5 25. a4 Kh8 26. Nc4 Qd5 27. Be2 h5 28.
Ne5 Kh7 29. Qg5 Bf7 30. Bc4 Rxc4 31. Nxf7 Rcc8 32. Nxd8 Qxd8 33. Qxd8 Rxd8 34.
Kg2 g5 35. d5 Kg6 36. c4 Kf6 37. c5 Ke5 38. c6 bxc6 39. dxc6 Rc8 40. b4 Bf8 41.
c7 Be7 42. Rc6 f4 43. Rd7 Bf6 44. Rf7 Bh8 45. gxf4+ gxf4 46. Rc5+ Kd4 47. Rxf4
Kd3 48. Rf7 Rg8+ 49. Kh2 Rc8 50. Rd7+ Ke2 51. Kh1 Bf6 52. b5 e3 53. a5 Ke1 54.
b6 axb6 55. axb6 e2 56. b7 Kf2 57. Rc2 Kf3 58. Rxe2 1-0